Statistics for African Countries by Shape

Click here to take the quiz!

General Stats

  • This quiz has been taken 69 times
  • The average score is 12 of 16

Answer Stats

Answer% Correct
Morocco
100%
Egypt
98%
Senegal
91%
Somalia
89%
Mali
81%
Mozambique
81%
Chad
79%
Zambia
79%
Togo
77%
Libya
75%
Democratic Republic of Congo
72%
Algeria
70%
Niger
68%
Kenya
60%
Tanzania
54%
Nigeria
51%

Score Distribution

Percentile by Number Answered

Percent of People with Each Score

Your Score History

You have not taken this quiz